[Event "Olympiad-34"]
[Site "Istanbul"]
[Date "2000.11.05"]
[Round "8.1"]
[White "Van Wely, Loek"]
[Black "Jussupow, Artur"]
[Result "0-1"]
[WhiteElo "2643"]
[BlackElo "2610"]
[Annotator "Ribli,Z"]
[PlyCount "106"]
[EventDate "2000.10.28"]
[EventType "team-swiss"]
[EventRounds "14"]
[EventCountry "TUR"]
[SourceTitle "EXT 2001"]
[Source "ChessBase"]
[SourceDate "2000.11.22"]
[SourceVersion "1"]
[SourceVersionDate "2000.11.22"]
[SourceQuality "1"]
[WhiteTeam "Netherlands"]
[BlackTeam "Germany"]
[WhiteTeamCountry "NED"]
[BlackTeamCountry "GER"]

1. d4 Nf6 2. c4 e6 3. Nf3 d5 4. g3 Bb4+ {Das ist eine relativ selten gespielte,
aber gute Variante gegen die Katalanische Eröffnung.} 5. Bd2 Be7 6. Bg2 O-O 7.
O-O c6 {Schwarz spielt eigentlich die geschlossene Variante, aber mit
Mehrtempo (Bd2) für Weiß. In Wirklichkeit aber ist dieses Tempo nicht von
Vorteil für Weiß, denn der schwarzfeldrige Läufer kann nicht sein natürliches
Feld auf b2 einnehmen.} 8. Qc2 (8. Qb3) 8... Nbd7 9. Rd1 b6 10. Bf4 Bb7 11. Nc3
Nh5 (11... Rc8 12. Ne5 (12. b3 c5 (12... Ba6 13. e4 dxc4 14. Nd2 c5 15. d5 e5
16. Be3 Ng4 17. bxc4 Nxe3 18. fxe3 Bg5 19. Qd3 h5 20. Nf3 Bh6 21. Bh3 Re8 22.
a4 Rb8 23. Nb5 {1-0 Hracek,Z-Tiviakov,S/NED 2000/CBM 76 ext (42)}) 13. Nb5 dxc4
14. Nxa7 Ra8 15. Nb5 cxb3 16. Qxb3 Ra5 17. a4 cxd4 18. Rxd4 Bc5 19. Rdd1 Qe7 {
1/2-1/2 Mikhalevski,V-Froehlich,P/Bad Wiessee GER 2000/The Week in Chess 314 
(41)}) 12... Nh5 13. Be3 (13. Bc1 Qc7 14. cxd5 cxd5 15. Qa4 Nxe5 16. dxe5 Bc6
17. Qa6 Qxe5 18. Qxa7 Bc5 {0-1 Sulava,N-Ionov,S/Cappelle La Grande FRA 2000 
(32)}) 13... Nhf6 14. h3 b5 15. Nxd7 Nxd7 16. c5 b4 17. Na4 Ba6 18. Bf1 Rb8 19.
b3 Bb5 20. Nb2 e5 21. dxe5 Nxe5 22. a3 bxa3 23. Rxa3 {0-1 Beliavsky,A-Jussupow,
A/Ubeda 1997/CBM 58 (39)}) 12. Bc1 (12. Rac1 Nxf4 13. gxf4 Bd6 14. e3 Qe7 15.
a3 Rac8 16. cxd5 cxd5 17. Qa4 a6 18. b4 Nf6 19. Ne5 h6 20. Qb3 Bb8 21. Rc2 Rfd8
22. Rdc1 Ne8 {0-1 Nilssen,J-Hjartarson,J/Reykjavik 1997/CBM 62 (60)}) 12... f5
{Das ist die beste Foprtsetzung für Schwarz. Das System erinnert mich an die
Hollandische Verteidigung - Stonewall-Aufbau.} (12... Nhf6 $6 13. b3 $14 {
Auf diese Weise entsteht eine Grundstellung der geschlossenen Variante.}) 13.
Ne5 {Dieser Springerzug gefällt mir nicht, denn in der Folge wird die weiße
Bauerntruktur - wenn Schwarz Nxe5 spielt - schwach.} (13. a4 a5 14. b3 Rc8 15.
e3 Bd6 16. Ba3 Bxa3 17. Rxa3 Nhf6 18. Raa1 Qe7 19. Ne2 c5 {1/2-1/2 Beliavsky,
A-Wirthensohn,H/Luzern 1985/MCD (39)}) (13. b3 Bd6 14. a4 (14. e3 Qe7 15. Bb2
g5 16. Ne2 Qg7 17. Nc1 Nhf6 18. Nd3 Ne4 19. Nfe5 a5 20. Nxd7 Qxd7 21. c5 Bc7
22. cxb6 Bxb6 23. Rac1 {1-0 Miton,K-Izoria,Z/Yerevan ARM 2000/The Week in
Chess 308 (60)}) 14... a5 15. Ba3 Bxa3 16. Rxa3 Qe7 17. Raa1 Nhf6 18. e3 Rac8
19. Ne2 c5 20. Nf4 {1-0 Wojtkiewicz,A-Nikolac,J/Pula 1998/EXT 2000 (46)}) 13...
Rc8 {[%cal Gc8c2]} (13... Nxe5 14. dxe5 Qe8 $13) 14. cxd5 $6 {[%mdl 16384]
Dieser Bauerntausch ist - meiner Meinung nach - nicht logisch, denn Weiß
öffnet die c-Linie für Schwarz.} (14. Nxd7 Qxd7 15. b3 $11) (14. b3) 14... cxd5
15. Qa4 (15. Nd3 $11) 15... Nxe5 16. dxe5 a6 $13 {Der schwarze Springer steht
nicht so gut auf h5, aber die schwarze Bauernstruktur ist fest und der
katalanische Bg2 ist durch den Pd5 eingeschlossen.} 17. Be3 $6 (17. Bf3 $5 b5
18. Qd4 Bc5 19. Qd3 Qe8 20. Be3 $13) 17... f4 $36 (17... b5) 18. Bd4 (18. gxf4
$6 b5 19. Qd4 Rc4 $15) 18... Rc4 {[%csl Gc4]} 19. Qxc4 {Statt sich passiv zu
verteidigen opfert Weiß die Dame für Turm und Läufer. Er bekommt jedoch keine
ausreichende Kompensation.} (19. Qb3 fxg3 20. hxg3 b5 $15 {[%csl Gc4]} (20...
Rxd4 21. Rxd4 Bc5 22. e3 $14)) 19... dxc4 20. Bxb7 fxg3 21. hxg3 Qc7 $17 {
Schwarz hat Materialvorteil. Die weiße Bauernstellung hat auch eine Schwäche -
den Doppelbauern auf der e-Linie.} 22. Bf3 $6 (22. Bxa6 $5 $15 {Der Läufer ist
zwar weit ab von der großen Diagonale, aber ich sehe hier kein konkrete Gefahr.
}) 22... g6 23. Ne4 (23. Bxh5 gxh5 $17 {[%cal Gh5h4]}) 23... Ng7 {[%cal Gg7f5]}
24. b3 (24. Nf6+ Bxf6 25. exf6 Ne8 $19) 24... Nf5 {[%csl Gf5] Der zuvor noch
schlechte Springer ist jetzt die beste schwarze Figur.} (24... cxb3 25. axb3
Nf5 $17) 25. Bb2 b5 26. Rac1 (26. bxc4 bxc4 $17) 26... Qa5 {[%csl Ga5] Das
Auftauchen der Dame am Damenflügel ist sehr unangenehm für Weiß.} 27. bxc4 Qxa2
28. Rd2 (28. Ba1 bxc4 $19) 28... Rd8 $1 (28... bxc4 29. Rdc2) 29. Rxd8+ (29.
Rdc2 b4 $19 {[%csl Gb4]}) 29... Bxd8 30. cxb5 $5 {Das ist die einzige
Gegenchance für Weiß - er opfert vorübergehend eine Figur.} (30. Ba1 bxc4 $19)
30... Qxb2 31. Rc8 axb5 (31... Qd4 $2 32. bxa6 $13) 32. Rxd8+ Kf7 33. Rd7+ (33.
Nd6+ Ke7 34. Re8+ Kd7 $19) 33... Kf8 34. Rxh7 Qxe5 {[%csl Gb5][%mdl 1024] Dank
seines starken b-Bauern muss Schwarz dieses Endspiel bei gutem Spiel gewinnen.}
35. e3 {Sonst muss Weiß immer mit Nd4 rechnen.} Ne7 $1 {[%csl Rh7] Schwarz
schränkt die Aktivität des Turms auf der siebenten Reihe ein.} 36. Kg2 b4 37.
Nd2 Qb2 (37... Qc3 38. Ne4) 38. Nc4 Qc3 39. Nd6 {Jetzt droht 40.Rf7+ und 41.
Rxe7.} Nf5 40. Rf7+ (40. Ne4 Qc2 $19 {[%cal Rf5e3,Gc2g2]}) 40... Kg8 41. Rd7
Nxd6 42. Rxd6 Kf7 {Der schwarze Freibauer auf der b-Linie muss die Partie
gewinnen.} 43. Be4 b3 $19 44. Rb6 Qc4 {Die aktive schwarze Dame und der
b-Bauer sind so stark, dass sie die Partie ohne Hilfe des schwarzen Königs
gewinnen.} 45. Kf3 (45. Bb1 Qd5+ 46. Kh2 (46. e4 Qd1 $19 {[%csl Rb1]}) 46...
Qf3 $5 47. Rxb3 Qxf2+ 48. Kh3 (48. Kh1 Qf3+ 49. Kh2 Qh5+ $19) 48... Qf1+ 49.
Kh2 (49. Kg4 Qd1+ $19 {[%cal Rd1b3,Rd1g4]}) 49... Qe2+ 50. Kh3 Qh5+ 51. Kg2
Qd5+ $19 {[%cal Rd5b3,Rd5g2]}) 45... Qf1 46. Rb4 (46. Rxb3 Qd1+ {[%cal Rd1f3,
Rd1b3]}) 46... b2 47. Bc2 (47. Rxb2 Qh1+ 48. Kf4 e5+ 49. Kxe5 Qh8+ $19) 47...
Qc1 48. Bd3 (48. Be4 Qh1+ 49. Ke2 Qxe4 $19) 48... Qd1+ {Schwarz gewinnt nun
durch eine forcierte Variante..} 49. Ke4 Qg4+ 50. f4 Qf5+ 51. Kd4 Qd5+ 52. Kc3
Qc5+ 53. Bc4 (53. Kb3 Qc1 54. Ka4 Qd1+ $19) 53... Qxb4+ 0-1

[Event "Dortmund Master"]
[Site "Dortmund"]
[Date "1999.07.11"]
[Round "3"]
[White "Petrosian, Arshak B"]
[Black "Bischoff, Klaus"]
[Result "1/2-1/2"]
[WhiteElo "2508"]
[BlackElo "2521"]
[Annotator "Ribli,Z"]
[PlyCount "138"]
[EventDate "1999.07.09"]
[EventType "tourn"]
[EventRounds "9"]
[EventCountry "GER"]
[EventCategory "9"]
[SourceTitle "CBM 072"]
[Source "ChessBase"]
[SourceDate "1999.10.01"]
[SourceVersion "1"]
[SourceVersionDate "1999.10.01"]
[SourceQuality "1"]

{[%mdl 288]} 1. Nf3 Nf6 2. g3 d5 3. Bg2 e6 {Schwarz möchte einen klassischen
Aufbau mit Be7 spielen, aber 3...c6 mit nachfolgendem ...Bg4 ist auch möglich.
Ribli.} 4. c4 Be7 5. O-O O-O 6. d4 Nbd7 {Das ist die sogenannte Geschlossene
Variante der Katalanischen Eröffnung. Schwarz nimmt nicht auf c4. Er möchte
zuerst die Entwicklung des Damenflügels beenden.} 7. Qc2 c6 8. b3 b5 {Die
ruhige Alternative 8...b6 wird häufiger gespielt. Mit der Partiefortsetzung
möchte Schwarz die Situation am Damenflügel klären.} 9. c5 {Das ist die
prinzipielle Antwort. Weiss hat Raumvorteil und der c8-Läufer steht passiv.} a5
(9... b4 $6 10. a3 bxa3 11. Nc3 Bb7 12. e4 Nxe4 13. Nxe4 dxe4 14. Qxe4 Nf6 15.
Qc2 Nd5 16. Rxa3 Bf6 17. Bd2 $14 {1-0 Gorelov,S-Hramtsov,A/Moscow 1996/CBM 55
ext (30)}) (9... Ne4 $5 {Auf diese Weise kann Schwarz eine Art
Stonewallstellung erreichen.} 10. Bb2 f5 11. Ne1 Bg5 12. Nd3 Qe8 13. e3 a5 14.
a3 Ba6 15. b4 a4 16. Re1 Bh6 17. f3 $14 {Der schwarze a6-Läufer ist
eingeschlossen. Weiss hat freie Hand im Zentrum und am Königsflügel.(Razuvaev,
Y - Surjadnji,A Montecatini Terme 1999).}) 10. Nbd2 b4 {[%cal Gc8a6,Ga6f1]
Schwarz hat keine Angst von der Schwächung des Damenflügels. Er möchte den
Damenläufer befreien.} (10... Re8 11. e4 (11. Bb2 Bf8 (11... g6 12. Ne1 Bf8 13.
Nd3 Qc7 14. e3 Ba6 15. f4 Ng4 16. Rae1 f5 17. h3 Ngf6 {0-1 Wegerle,J-Ftacnik,L/
Open, Bad Zwesten GER 1999 (26)}) 12. Rfe1 Qc7 13. e4 dxe4 14. Nxe4 Nxe4 15.
Qxe4 Nf6 16. Qe5 Ra7 17. Qxc7 Rxc7 18. Ne5 Bd7 19. a4 b4 20. Nc4 Ra7 21. Nb6
Nd5 22. Bxd5 cxd5 23. Nxd7 {1/2-1/2 Umanskaya,I-Kiselev,M/St.Petersburg 1994/
CBM 41 (23)}) 11... dxe4 12. Nxe4 Nxe4 13. Qxe4 Nf6 14. Qc2 Bb7 15. Bg5 Nd5 16.
Bxe7 Qxe7 17. Rfe1 {1-0 Sosonko,G-Short,N/London 1980/MCD-r8 (46)}) (10... Ba6
$6 11. a3 Re8 12. b4 a4 13. Re1 Qc7 14. Bb2 Rad8 15. Rad1 Bc8 16. Ne5 $5 Nxe5
$6 17. dxe5 Nd7 18. e4 $14 {1-0 Baburin,A-Castricum,M/Kilkenny 1996/CBM 55/
[Baburin] (24)}) 11. e4 (11. a3 $5 $14) 11... Ba6 12. Re1 Ne8 {[%cal Ge8c7,
Gc7b5]} (12... dxe4 13. Nxe4 Nd5 14. h4 $14 {Der Springer steht schön auf d5,
aber Weiss hat Raumvorteil und Initiative.}) 13. e5 (13. exd5 cxd5 (13... exd5
14. a3 $14) 14. a3 $14) (13. a3 $14) 13... Nc7 14. h4 {[%cal Gd2f1,Gf1h2] Ein
typischer Zug in solchen Stellungen. Weiss gewinnt Raum am Königsflügel und
bereitet Nd2-f1-h2 vor.} Nb5 {[%csl Gb5][%cal Gb5c3,Gb5a3,Gb5d4] Der Springer
steht gut auf b5 und kontrolliert die wichtigsten Punkte am Damenflügel.} 15.
Bb2 Re8 {[%cal Gd7f8]} 16. Nf1 $14 {Weiss hat Raumvorteil und es ist für
Schwarz schwierig, aktives Gegenspiel zu finden.} Qb8 17. Ne3 Qa7 {In einigen
Varianten muss Weiss eventuell mit ...Nxc5 rechnen, aber es droht (noch) nicht.
} 18. Ng5 Nf8 (18... Bxg5 19. hxg5 $16 {[%csl Ge5,Gg5][%cal Gf2f4]}) 19. f4 {
[%cal Gf4f5]} Bc8 (19... g6 20. Ng4 $16 {[%cal Gg4f6,Gg4h6]}) 20. Bf1 {[%cal
Gf1d3,Gd3h7,Gf1b5] Weiss verbessert seinen Läufer, der auf seinem
katalanischen Stammplatz nicht sehr gut stand.} h6 21. Nf3 (21. Nh3 $5 $14 {
Und nach späterem f4-f5 bekommt der h3-Springer Platz auf f4.}) 21... Bd7 22.
f5 $36 {Weiss hat freie Hand am Königsflügel. Schwarz kann praktisch nur
abwarten.} exf5 23. Bxb5 {Dieser Zug ist nicht schlecht, aber ich glaube,
Weiss konnte mit diesem Abtausch noch warten.} (23. Nxf5 $14) 23... cxb5 24.
Nxf5 Bxf5 25. Qxf5 Qa6 {[%cal Ga6g6] Die Dame kontrolliert die sechste Reihe.
Die schwarze Stellung ist etwas passiv, aber verteidigungsfähig.} 26. Rac1 {
[%csl Gc5] Weiss hat einen gedeckten Freibauern auf c5, aber der ist noch
nicht gefährlich, denn Schwarz kann ihn blockieren. Der weisse Läufer steht
schlecht.} Qe6 27. g4 (27. Qxe6 Nxe6 $11 {[%csl Ge6]}) 27... Rec8 {[%cal Gc8c6]
} (27... Qxf5 28. gxf5 $16 {[%csl Gc5,Ge5,Gf5][%cal Gg1f2,Ge1g1,Gg1g8]}) 28.
Rc2 Ng6 {[%cal Rg6h4]} 29. Rh2 (29. h5 Nh4 (29... Nf8 $11) 30. Nxh4 Bxh4 $11)
29... a4 $132 {[%cal Ga8a1] Schwarz möchte die a-Linie öffnen, aber dieser Zug
ist riskant, denn der b4-Bauer wird schwach.} 30. Bc1 {[%cal Gc1d2,Gd2b4]} axb3
31. axb3 Ra1 {[%cal Ga1g1] Schwarz beherrscht die a-Linie, aber sein Bauer b4
kann nicht gedeckt werden.} 32. h5 Nf8 33. Bd2 {[%cal Gd2b4]} Ra3 (33... Rxe1+
34. Bxe1 $16 {[%csl Rb4][%cal Re1b4]}) 34. Rb1 Rca8 35. Bxb4 $16 {Weiss hat
einen Bauern mehr und die Kontrolle der a-Linie ist keine ausreichende
Kompensation für Schwarz.} Ra1 36. Rhb2 Qa6 37. Bd2 (37. Kg2 $16) 37... Ne6 {
[%csl Ge6]} 38. Kf2 Qc8 39. Kg3 (39. Rxa1 Rxa1 40. g5 $40 hxg5 41. Bxg5 $16)
39... R8a6 40. Qd3 (40. g5 $40) 40... Rxb1 41. Qxb1 Qa8 {[%cal Ga8a1]} 42. Qf1
{[%csl Rb5][%cal Rf1b5]} Qb8 43. Kg2 Qc8 {[%csl Rg4][%cal Gc8g4] Schwarz hat
eventuell taktische Gegenchancen.} 44. Kh3 (44. Qxb5 $2 Nxd4 $1 {[%csl Rb5,Rg2]
[%cal Rc8g4,Rg4g2]} 45. Nxd4 Qxg4+ $19) 44... Qd7 {[%cal Gd7h3]} 45. Rb1 {
[%cal Gb1a1,Ga1a8]} Ra3 46. Kg3 (46. Bb4 Ra6 47. Ra1 Rxa1 48. Qxa1 Nf4+ 49. Kg3
Ne2+ 50. Kf2 Nf4 $132 {[%csl Rf2][%cal Rf4d3,Rd3b4,Rd3f2,Rd7g4]}) 46... Bd8 47.
Qd3 Ra2 {[%cal Ga2h2]} 48. Rc1 Qc6 49. Rc2 Ra3 {Natürlich tauscht Schwarz
nicht den aktiven Turm.} (49... Rxc2 50. Qxc2 $16) 50. Bc1 Ra1 51. Bb2 Ra6 (
51... Ra2) 52. Bc1 {Weiss hat eine schwere technische Aufgabe. Sein
c-Freibauer ist gut blockiert und es ist nicht leicht, den Mehrbauern zu
verwerten.} Ra1 53. Qc3 Ra6 54. Be3 Bc7 {[%cal Gc7g3]} 55. Kh3 (55. g5 hxg5 56.
Nxg5 f6 $132) 55... Bd8 56. Rc1 Ra2 57. Kg3 Qa6 $14 {[%cal Ga6a1,Gb5b4,Ga6e2]}
58. Qd3 (58. c6 b4 59. Qxb4 (59. Qe1 Qd3 $132) 59... Qe2 $19 {[%csl Re3,Rg3]
[%cal Ga2h2]}) 58... Qc6 59. Rc2 {Es ist interessant. Nach dem 49.weisse Zug 
(49.Rc2) hatten wir fast dieselbe Stellung. Dort stand der Läufer auf d2.} Ra3
60. Rf2 Qd7 61. Rc2 Qc6 {Schwarz wäre natürlich mit Stellungswiederholung
zufrieden.} 62. Kg2 Ra1 63. Kh3 Rh1+ 64. Kg3 Ra1 65. Bc1 Ra6 66. Qf5 {Weiss
hat keinen konkreten Plan.} Ra1 67. Bb2 Ra6 (67... Ra2) 68. Bc1 Ra1 69. Be3 Ra3
{Und es wurde Remis gegeben. Ich kann auch nicht erkennen, wie Weiss den
Materialvorteil verwerten soll.} (69... Ra3 70. Rb2 $14 (70. Qd3 {Jetzt haben
wir dieselbe Stellung wie nach 59...Rc2.})) 1/2-1/2

[Event "RUS-chT 06th"]
[Site "St Petersburg"]
[Date "1999.05.20"]
[Round "5"]
[White "Filippov, Valerij"]
[Black "Shaposhnikov, Evgeny"]
[Result "1-0"]
[WhiteElo "2574"]
[BlackElo "2474"]
[Annotator "Ribli,Z"]
[PlyCount "69"]
[EventDate "1999.05.16"]
[EventType "team-tourn"]
[EventRounds "9"]
[EventCountry "RUS"]
[SourceTitle "EXT 2020"]
[Source "ChessBase"]
[SourceDate "2019.10.17"]
[SourceVersion "1"]
[SourceVersionDate "2019.10.17"]
[SourceQuality "1"]
[WhiteTeam "Tomsk Siberia"]
[BlackTeam "Murmansk OShK"]
[WhiteTeamCountry "RUS"]
[BlackTeamCountry "RUS"]

{[%mdl 8704]} 1. Nf3 Nf6 2. g3 e6 {Ich glaube, das System 2...d5 und ...c6
wäre die prinzipielle schwarze Antwort. Ribli.} 3. Bg2 d5 4. O-O Be7 5. d4 O-O
{Statt der Rochade kann Schwarz mit 5...b5 den Zug 6.c4 verhindern, aber das
schwächt den schwarzen Damenflügel.} 6. c4 Nbd7 {Schwarz nimmt nicht auf c4,
wählt die geschlossene Katalanische Variante. Meines Erachtens ist dieses
System etwas zu passiv und Weiß hat dauerhafte Initiative.} 7. Qc2 c6 8. Rd1 b6
9. b3 {Schwarz muß sich entscheiden. Wenn er 9...Ba6 spielt antwortet Weiß mit
10.Nbd2, im Falle von 9...Bb7 mit 10.Nc3. Aber in unserer Partie hegt Weiß
andere Gedanken.} Ba6 10. Bb2 Rc8 11. Nc3 {Eine sehr riskante Fortsetzung.
Weiß opfert den c-Bauern und bekommt etwas Kompensation. Ich bin allerdings
nicht überzeugt das diese ausreichend ist und denke, es wäre besser, 11.Nbd2
zu spielen.} (11. Nbd2 c5 12. Rac1 (12. e4 cxd4 13. exd5 e5 $13) (12. dxc5 Bxc5
13. e3 Qe7 $13)) 11... Qc7 {Ich glaube, die prinzipielle Fortsetzung wäre die
Annahme des Bauers auf c4. Mit dem Partiezug möchte Schwarz die Stellung
geschlossen halten. Interessant, daß der Läufer in einigen Varianten besser
auf c1 als auf b2 steht. Weiß könnte in diesem Fall jetzt 12.Bf4 spielen.} (
11... dxc4 $5 12. bxc4 (12. Ne5 Nxe5 (12... cxb3 {Lputian} 13. axb3 Nb8 {
=/+/-/+}) 13. dxe5 Nd7 14. Ne4 Qc7 15. Nd6 Rcd8 16. f4 Nc5 17. Nxc4 {Paulsen,
D-Schmidt,B/BL8182 1982/BL 80/0-1 (48)}) 12... Bxc4 13. Ne5 Nxe5 14. dxe5 Nd5 (
14... Nd7 15. Ne4 Ba6 16. Nd6 $44) 15. Qa4 (15. e4 Nb4 $17) 15... b5 16. Qxa7
Qb6 17. Qxb6 Nxb6 18. Bf3 c5 19. Ne4 Bd5 {0-1 Foisor,C-Dizdar,G/It (open),
Nimes (France) 1991 (29)}) (11... b5 12. c5 b4 13. Na4 Bb5 14. Ne1 $1 {/\ Nd3,
a3, ><a7, b4} Rb8 15. Nd3 Ne8 $1 {/\ f5, Bf6<=>, Nc7-b5} 16. Rab1 a5 17. e3 f5
{1-0 Tisdall,J-Hjartarson,J/Reykjavik 1996/Inf 67/[Tisdall,J] (55)}) 12. e4 $6
{Ein natürlicher Zug, aber ich empfehle die Alternative 12.Nd2. Nach der
Partiefortsetzung kann Schwarz mit mindestens gleichen Chancen auf c4 nehmen.}
(12. Nd2 {Lputian} c5 $13) 12... Qb8 $6 {Passiv gespielt. Es war die höchste
Zeit, auf c4 nehmen. Jetzt bekommt Weiß freies Spiel.} (12... Rfd8 13. e5 Ne8
14. cxd5 cxd5 15. Rac1 Nf8 16. h4 Qd7 17. Qd2 Rc6 18. Ne2 Rdc8 19. Nf4 {
1-0 Bischoff,K-Bezold,M/Baden-Baden Hofmann Cup 1995/EXT 95 (35)}) (12... dxc4
$1 13. Qe2 (13. h4 $5 {Lputian}) 13... b5 14. bxc4 b4 $1 15. Nb1 Nb6 16. Nbd2
Na4 17. Rab1 c5 $1 $15 {0-1 Kozul,Z-Lputian,S/Lucerne 1997/CBM 62/[Ribli] (44)}
) 13. Ne5 $13 (13. e5 Ne8 $11 {[%cal Ge8c7] Schwarz kann ...Ne8-c7 spielen und
den Zug ...c6-c5 vorbereiten.}) 13... Rfd8 (13... Nxe5 $5 14. dxe5 Ng4 (14...
Nd7 15. exd5 cxd5 16. f4 $14) (14... Qxe5 $2 15. Nxd5 $18 {[%cal Rb2e5,Rd5e7]})
15. exd5 cxd5 16. cxd5 Bc5 17. Rd2 Nxe5 $13) (13... dxc4 14. Nxc4 $14) 14. Rac1
Bf8 (14... Nxe5 15. dxe5 Ng4 16. exd5 cxd5 17. cxd5 Bc5 $13 (17... Qxe5 $11))
15. h4 {Weiß spielt alle Vorbereitungszüge und hält die Spannung.} Bb4 {
Ein typisches Motiv. Schwarz greift indirekt e4 an.} (15... Nxe5 16. dxe5 Ng4
$13 {[%csl Gg4]}) 16. Nxd7 Rxd7 (16... Nxd7 $2 17. exd5 cxd5 18. cxd5 exd5 19.
Bxd5 $16) 17. e5 $14 {Weiß hat Raumvorteil und der schwarze Springer muß eine
Aufstellung einnehmen.} Ne8 18. Ne2 Bf8 {Der Läufer stand verdächtig auf b4,
aber vielleicht konnte er dort noch bleiben, denn auf das scheinbar
gefährliche c4-c5 hätte Schwarz noch ...bxc5 dxc5 und Bxc5 und der e2-Springer
hängt.} (18... Nc7 $5) 19. Nf4 {[%csl Gf4,Gh4] Weißs hat Initiative am
Königsflügel. Der Springer steht gut auf f4.} g6 $6 {Schwarz bereitet den Zug .
..Bh6 vor, aber diese Schwächung des Königsflügels gefällt mir nicht.} (19...
Nc7 $5) (19... b5 20. c5 b4 21. Ra1 $14 {[%cal Ga2a3] Weiß möchte mit 22.a3
sprengen.}) 20. Qe2 Rcd8 (20... c5 $6 21. dxc5 Bxc5 22. Qd2 {[%csl Rd5,Rd7]} d4
23. b4 $16) 21. Qg4 {[%csl Gf4,Gg4,Rg8]} Bh6 22. cxd5 cxd5 23. Ba3 {[%csl Ga3]
[%cal Ga3f8] Der Läufer a3 kontrolliert eine wichtige Diagonale.} Ng7 (23...
Rc8 24. h5 $14) 24. h5 $5 Rc8 (24... Bxf4 25. Qxf4 Nxh5 26. Qg5 $44 {Weiß hat
Kompensation auf den schwarzen Feldern.} (26. Qh6 $44 {[%csl Yf6,Yg7,Yh6]}))
25. Bh3 Rxc1 (25... Bxf4 26. Qxf4 Nxh5 27. Qg5 $44) 26. Bxc1 {[%cal Gc1h6]
Jetzt droht 27.Nxd5 und nach 26...Bxc1 28.Nf6+.} Rc7 {[%cal Gc7c1]} 27. Qf3 $6
(27. hxg6 $5 hxg6 28. Nxd5 (28. Qh4 Bxf4 29. Bxf4 Rc2 $132) 28... Bxc1 (28...
Rxc1 29. Nf6+ Kh8 30. Rxc1 Bxc1 31. Qh4+ Nh5 32. g4 Bf4 33. gxh5 g5 34. Qg4 $16
) 29. Nf6+ Kf8 30. d5 $36) 27... Nxh5 (27... Bxf4 $1 28. Bxf4 Nxh5 29. Bg5 Qc8
$132) 28. Nxh5 Bxc1 $6 (28... Rxc1 29. Nf6+ Kg7 30. Rxc1 Bxc1 31. Nxh7 $11 Kxh7
$6 32. Qxf7+ Kh6 33. Bxe6 $14) 29. Nf6+ Kg7 (29... Kh8 30. Nxd5 exd5 31. Qf6+
Kg8 {Und wir haben die Partiefortsetzung.}) {[#]} 30. Nxd5 $5 $13 {Ein
unerwartetes Springeropfer, daß Weiß Angriff einbringt.} exd5 31. Qf6+ Kg8 (
31... Kh6 32. Qh4+ (32. Kg2 $2 Bg5 $19) 32... Kg7 33. Qf6+ $11) 32. e6 Bc8 $2 {
Dieser Zug ist sehr passiv und verliert die Partie. Es wäre viel besser, die
Dame zur Verteidigung zu bringen.} (32... Qe8 33. exf7+ Rxf7 34. Be6 Bh6 35.
Bxd5 $13) 33. Qd8+ Kg7 34. e7 $18 {[%cal Re7e8] Der weiße e-Bauer gewinnt die
Partie. Schwarz muß den Turm geben.} Rxe7 35. Qxe7 {Und Schwarz gab in völlig
hoffnungsloser Stellung auf.} (35. Qxe7 Bxh3 36. Rxc1 $18 {[%cal Rc1c7,Rc7a7,
Rc7h7]}) 1-0